[Event "EU-ch 25th"]
[Site "Eforie Nord"]
[Date "2025.03.24"]
[Round "9"]
[White "Gubin, Dmitrii"]
[Black "Sanduleac, Vasile"]
[Result "0-1"]
[WhiteElo "2147"]
[BlackElo "2351"]
[PlyCount "120"]
[EventDate "2025.03.15"]
[EventType "swiss"]
[EventRounds "11"]
[EventCountry "ROU"]
[SourceTitle "CB13_2025"]
[SourceDate "2025.03.26"]
[SourceVersion "1"]
[SourceVersionDate "2025.03.26"]
[SourceQuality "1"]

1. c4 c6 2. g3 d5 3. Nf3 Nf6 4. Bg2 e6 5. 0-0 Be7 6. b3 0-0 7. Bb2 b6 8. d4 Bb7 9. Qc2 Nbd7 10. Rd1 Rc8 11. Nc3 Qc7 12. e4 Nxe4 13. Nxe4 dxe4 14. Qxe4 c5 15. Qc2 Bxf3 16. Bxf3 cxd4 17. Bxd4 Bf6 18. Bxf6 Nxf6 19. Rd2 Rfd8 20. Rad1 h6 21. Kg2 Kf8 22. Qc3 Rxd2 23. Rxd2 Ke7 24. h4 Qc5 25. Rd4 Rc7 26. Qd2 a5 27. Rd8 g5 28. hxg5 hxg5 29. Rb8 Rd7 30. Rb7 Rxb7 31. Bxb7 Ne8 32. Bf3 Nd6 33. Kg1 Qe5 34. Kg2 f6 35. Qd3 f5 36. Qd2 g4 37. Bd1 Ne4 38. Qe3 Qc5 39. Qf4 Qd6 40. Qxd6+ Kxd6 41. a3 Kc5 42. f3 gxf3+ 43. Kxf3 Kd4 44. Kf4 Nf2 45. Bh5 Nh3+ 46. Kf3 e5 47. Bg6 Ng5+ 48. Kg2 Kc3 49. b4 axb4 50. axb4 Kxb4 51. Bxf5 Kxc4 52. Kf2 b5 53. Ke2 Kc3 54. Kd1 b4 55. Bb1 b3 56. g4 Kb2 57. Bd3 Ka1 58. Kd2 b2 59. Ke3 b1Q 60. Bxb1 Kxb1 0-1

[Event "EU-ch 25th"]
[Site "Eforie Nord"]
[Date "2025.03.22"]
[Round "7"]
[White "Gubin, Dmitrii"]
[Black "Frankiv, Oleksandr"]
[Result "1-0"]
[WhiteElo "2147"]
[BlackElo "1857"]
[PlyCount "73"]
[EventDate "2025.03.15"]
[EventType "swiss"]
[EventRounds "11"]
[EventCountry "ROU"]
[SourceTitle "CB13_2025"]
[SourceDate "2025.03.26"]
[SourceVersion "1"]
[SourceVersionDate "2025.03.26"]
[SourceQuality "1"]

1. c4 e5 2. g3 Nf6 3. Bg2 c6 4. Nf3 e4 5. Nd4 d5 6. cxd5 cxd5 7. d3 Bc5 8. Nb3 Bb4+ 9. Bd2 Bxd2+ 10. Qxd2 0-0 11. Nc3 Bf5 12. Qf4 Qc8 13. dxe4 dxe4 14. 0-0 Re8 15. Rfd1 h6 16. Nb5 g5 17. Qd6 Ng4 18. Nc7 e3 19. f3 Nf2 20. Nxe8 Qxe8 21. Rd5 Be6 22. Re5 Nc6 23. Rxe3 Rd8 24. Qc5 Nd1 25. Rd3 Rxd3 26. exd3 Nxb2 27. Qe3 Qd8 28. Nc5 Qb6 29. Qf2 Bf5 30. Rb1 Nxd3 31. Rxb6 Nxf2 32. Rxc6 bxc6 33. Kxf2 Kf8 34. Ke3 Ke7 35. Kd4 Bb1 36. a4 f5 37. Ke5 1-0

[Event "EU-ch 25th"]
[Site "Eforie Nord"]
[Date "2025.03.19"]
[Round "5"]
[White "Gubin, Dmitrii"]
[Black "Kochavi, Ori"]
[Result "0-1"]
[WhiteElo "2147"]
[BlackElo "2357"]
[PlyCount "66"]
[EventDate "2025.03.15"]
[EventType "swiss"]
[EventRounds "11"]
[EventCountry "ROU"]
[SourceTitle "CB13_2025"]
[SourceDate "2025.03.26"]
[SourceVersion "1"]
[SourceVersionDate "2025.03.26"]
[SourceQuality "1"]

1. c4 b6 2. d4 Bb7 3. Nc3 e6 4. a3 f5 5. d5 Nf6 6. g3 Bd6 7. Nf3 a5 8. Bg2 Na6 9. 0-0 Nc5 10. b3 0-0 11. Bb2 Qe7 12. Nd4 Nfe4 13. Qc2 Nxc3 14. Bxc3 Ne4 15. Bb2 Bc5 16. Rad1 Qf7 17. Nb5 exd5 18. Nxc7 Rac8 19. Nb5 dxc4 20. bxc4 d5 21. e3 dxc4 22. a4 Bb4 23. Bd4 c3 24. f3 Nd2 25. Rf2 Nc4 26. Bf1 Bd5 27. Qc1 Nb2 28. Re1 Nxa4 29. e4 Bc4 30. e5 Qd5 31. e6 Bxb5 32. e7 Rf7 33. Bxg7 Rxg7 0-1

[Event "EU-ch U14"]
[Site "Prague"]
[Date "2024.08.30"]
[Round "8"]
[White "Gubin, Dmitrii"]
[Black "Gkavardinas, Antonios"]
[Result "0-1"]
[WhiteElo "2084"]
[BlackElo "2222"]
[PlyCount "102"]
[EventDate "2024.08.22"]
[EventType "swiss"]
[EventRounds "9"]
[EventCountry "CZE"]
[SourceTitle "CBM 221 Extra"]
[Source "ChessBase"]
[SourceDate "2024.09.30"]
[SourceVersion "1"]
[SourceVersionDate "2024.09.30"]
[SourceQuality "1"]

1. c4 e6 2. Nf3 d5 3. e3 Nf6 4. b3 Be7 5. Bb2 0-0 6. Nc3 c5 7. cxd5 exd5 8. d4 Nc6 9. Be2 Ne4 10. dxc5 Bf6 11. Nd4 Nxc5 12. Nxc6 bxc6 13. 0-0 Qa5 14. Qc2 Be6 15. Rac1 Rac8 16. Rfd1 Rfd8 17. Bf3 Nd7 18. Na4 Ne5 19. Bc3 Qc7 20. Nc5 Qe7 21. Bd4 Nxf3+ 22. gxf3 Bh3 23. Kh1 Rd6 24. Qc3 Bxd4 25. Qxd4 Rf6 26. Rg1 Bf5 27. Rg3 Bg6 28. Nd3 Qa3 29. Rcg1 Qxa2 30. Nf4 Qxf2 31. Nh5 Bxh5 32. Qxf6 Bg6 33. Qf4 Re8 34. Qd6 Qxe3 35. Qxc6 d4 36. h4 h5 37. Qd5 Re5 38. Qd6 Qf4 39. Qd8+ Kh7 40. R1g2 Re1+ 41. Kh2 Re3 42. Rf2 Rxb3 43. Kg2 d3 44. Qd5 Rb6 45. Qg5 Qd4 46. Rd2 Re6 47. f4 Re2+ 48. Rxe2 dxe2 49. f5 Qe4+ 50. Kh2 e1Q 51. fxg6+ fxg6 0-1

[Event "EU-ch U12 31st"]
[Site "Mamaia"]
[Date "2023.09.11"]
[Round "6"]
[White "Gubin, Dmitrii"]
[Black "Negrean, Andrei"]
[Result "1/2-1/2"]
[WhiteElo "1889"]
[BlackElo "2076"]
[PlyCount "70"]
[EventDate "2023.09.05"]
[EventType "swiss"]
[EventRounds "9"]
[EventCountry "ROU"]
[SourceTitle "CBM 216 Extra"]
[Source "ChessBase"]
[SourceDate "2023.11.30"]
[SourceVersion "1"]
[SourceVersionDate "2023.11.30"]
[SourceQuality "1"]

1. d4 Nf6 2. c4 e6 3. g3 d5 4. Bg2 dxc4 5. Nf3 a6 6. 0-0 Nc6 7. e3 Rb8 8. Qe2 b5 9. b3 cxb3 10. axb3 Bb7 11. Bb2 Be7 12. Nc3 0-0 13. Rfd1 Nb4 14. e4 Qe8 15. Ne5 Nd7 16. Nxd7 Qxd7 17. d5 exd5 18. exd5 Rfe8 19. Qd2 Rbd8 20. Ba3 c5 21. Rac1 Qf5 22. Bxb4 cxb4 23. Ne2 Bg5 24. f4 Bf6 25. Nd4 Qd7 26. Qxb4 Bxd5 27. Nc6 Qe6 28. Nxd8 Qe3+ 29. Kh1 Bxg2+ 30. Kxg2 Qe2+ 31. Kg1 Qe3+ 32. Kg2 Qe2+ 33. Kg1 Qe3+ 34. Kg2 Qe2+ 35. Kg1 Qe3+ 1/2-1/2